000 00462nam a2200181Ia 4500
001 20471
005 20260306172808.0
008 260306t2018||||xx |||||||||||||| ||spa||
041 _aESP
082 _a343.285
_bR24
100 _aRamos Núñez, Carlos
_eAUT
245 0 _aLa letra de la ley:
_bhistoria de las constituciones del Perú
260 _c2018
300 _a112 páginas :
_c23 cm.
650 _aGEN
654 _aCDE
942 _cLIB
_dJUS
_fJUS
_2ddc
_n
999 _c20471
_d20471